00558nam a2200181 a 4500008004100000020002200041245008800063250001200151260003500163300004200198500002000240504004100260650002900301700001900330003000100349005001700350040000900367  a0072402210 (pbk.)10aIntroduction to engineering design and problem solving /cArvid R. Eide... [et al.] a2nd ed. aBoston :bMc-Graw Hill,c2002. ax, 230 p :bill.(some col). ;c24 cm. aIncludes index. aIncludes bibliographical references. aEngineering mathematics. aEide, Arvid R.20230123125100.0 cNUST